The Conquest of Happiness / (Record no. 193803)

000 -LEADER
fixed length control field 00532 a2200193 4500
003 - CONTROL NUMBER IDENTIFIER
control field Nust
005 - DATE AND TIME OF LATEST TRANSACTION
control field 20220509110308.0
038 ## - RECORD CONTENT LICENSOR
Staff Name waseem
040 ## - CATALOGING SOURCE
Transcribing agency Nust
082 ## - DEWEY DECIMAL CLASSIFICATION NUMBER
Classification number 170
Author Mark RUS
100 ## - MAIN ENTRY--PERSONAL NAME
Personal name Bertrand Russell
9 (RLIN) 13371
245 ## - TITLE STATEMENT
Title The Conquest of Happiness /
Statement of responsibility, etc. Bertrand Russell
260 ## - PUBLICATION, DISTRIBUTION, ETC.
Place of publication, distribution, etc. Lahore :
Name of publisher, distributor, etc. Ali Majeed,
Date of publication, distribution, etc. 1956.
300 ## - PHYSICAL DESCRIPTION
Extent 252 p.;
Dimensions 18 cm.
505 ## - FORMATTED CONTENTS NOTE
Formatted contents note Part I:Causes of Unhappiness (Page-19) Part II Causes of Happiness (Page-143)
538 ## - SYSTEM DETAILS NOTE
System details note Almirah No.47 Shelf No.5
563 ## - BINDING INFORMATION
Binding note HBK.
942 ## - ADDED ENTRY ELEMENTS (KOHA)
Source of classification or shelving scheme
Koha item type Book
Holdings
Withdrawn status Lost status Source of classification or shelving scheme Damaged status Not for loan Permanent Location Current Location Date acquired Source of acquisition Total Checkouts Total Renewals Full call number Barcode Checked out Date last seen Date last checked out Price effective from Koha item type Materials specified (bound volume or other part)
          Central Library (CL) Central Library (CL) 05/09/2022 Donation 4 6 170.44 RUS CL-D-1772 10/09/2025 04/27/2025 04/27/2025 05/09/2022 Book  
          Central Library (CL) Central Library (CL) 10/25/2022   2 2 170.44 RUS CL-D-2105 03/04/2026 02/02/2026 02/02/2026 10/25/2022 Book Donated by Major Zahid DCE SEECS NUST
© 2023 Central Library, National University of Sciences and Technology. All Rights Reserved.